| 000 | 00656nam a2200229Ia 4500 | ||
|---|---|---|---|
| 003 | OSt | ||
| 005 | 20220925232554.0 | ||
| 006 | a|||||r|||| 00| 0 | ||
| 007 | ta | ||
| 008 | 220923b |||||||| |||| 00| 0 eng d | ||
| 037 | _cGeneral Book | ||
| 040 |
_aRTL _cRTL _beng |
||
| 041 |
_2eng _aeng |
||
| 082 | _aX64:8F.2.N97T4, N7/TD1 | ||
| 110 |
_aReserve Bank of India _942573 |
||
| 245 | 0 | _aCapital account convertibility | |
| 260 |
_aMumbai _bReserve Bank of India _c1997 |
||
| 300 |
_a166p _ccm. |
||
| 700 |
_aReserve Bank of India _942574 |
||
| 942 |
_hX64:8F.2.N97T4, N7/TD1 _cGB _2CC |
||
| 999 |
_c591651 _d591651 |
||